Podiums du "Big Five" Européen de Football depuis 2010 - Statistiques

Statistiques générales
  • Ce quiz a été pris 449 fois
    313 depuis la dernière actualisation
  • Le résultat moyen est 32 sur 37
Statistiques - réponses
Réponse % Correct
Olympique de Marseille
100%
Olympique Lyonnais
100%
Paris Saint-Germain
100%
AS Monaco
99%
Lille OSC
99%
Atlético Madrid
98%
FC Barcelone
98%
Inter Milan
98%
Liverpool
98%
Manchester City
98%
Real Madrid
98%
AC Milan
97%
Arsenal
97%
Bayern Munich
97%
Chelsea
97%
Juventus
97%
Manchester United
97%
Naples
97%
Dortmund
96%
Bayer Leverkusen
95%
AS Rome
94%
Leicester City
94%
RC Lens
94%
Tottenham
92%
Lazio
88%
Stade Brestois
88%
OGC Nice
87%
Stade Rennais
86%
Atalanta
78%
Gérone
78%
RB Leipzig
78%
VfB Stuttgart
70%
Wolfsburg
61%
Schalke 04
51%
Borussia Mönchengladbach
38%
Hoffenheim
33%
Eintracht Francfort
24%
Aucun quiz correspondant
Distribution des résultats
% des personnes avec chaque résultat
Percentile par nombre de réponses
Votre historique - résultats
Vous n’avez pas pris ce quiz depuis la dernière actualisation